দেবী /

Bibliographic Details
Main Author: আহমেদ, হুমায়ূন, ১৯৪৮-২০১২
Format: Book
Language:Bengali
Published: ঢাকা : অবসর, ১৯৮৫
Subjects:
Classic Catalogue: View this record in Classic Catalogue
LEADER 01841nam a22003377a 4500
001 34826
003 BD-DhAAL
005 20250722135556.0
008 190722r20181985bg 000 1 ben d
020 |a 9789848797822 
040 |a BD-DhAAL  |d BD-DhAAL 
041 |a ben 
082 |a 891.44371  |2 23 
100 1 |a আহমেদ, হুমায়ূন,  |d ১৯৪৮-২০১২.  |9 6691 
245 1 0 |a দেবী /  |c হুমায়ূন আহমেদ. 
246 |a Debi 
260 |a ঢাকা :  |b অবসর,  |c ১৯৮৫  |g (২০১৮ মুদ্রণ) 
300 |a ৮০ পৃষ্ঠা ;  |c ২২ সে. মি. 
500 |a Novel. 
526 |a Residential Campus 
541 |a Development Book Agency Donated by Farhana Zahir (Assistant Professor, BBS, BRAC University)  |e 34826, 34990, 44477 
546 |a In Bengali. 
650 |a Bengali fiction  |z Bangladesh. 
650 |a Bengali literature. 
651 0 |a Bangladesh  |x Fiction.  |9 6692 
852 |a Savar Campus Library  |c General Stacks 
942 |2 ddc  |c BK 
999 |c 40911  |d 40911 
952 |0 0  |1 0  |2 ddc  |4 0  |6 891_443710000000000_AHM  |7 0  |8 FIC  |9 65673  |a SCL  |b SCL  |c GEN  |d 2019-07-17  |e Development Book Agency  |g 132.00  |l 32  |m 30  |o 891.44371 AHM  |p 3020034826  |r 2026-05-04  |s 2026-04-29  |t 1  |v 132.00  |w 2019-07-17  |y BK 
952 |0 0  |1 0  |2 ddc  |4 0  |6 891_443710000000000_AHM  |7 0  |8 FIC  |9 65841  |a BRACUL  |b BRACUL  |c GEN  |d 2019-07-24  |e Development Book Agency  |g 132.00  |l 23  |m 66  |o 891.44371 AHM  |p 3010034990  |q 2026-06-02  |r 2026-04-21  |s 2026-04-21  |t 2  |v 132.00  |w 2019-07-24  |y BK 
952 |0 0  |1 0  |2 ddc  |4 0  |6 891_443710000000000_AHM  |7 0  |8 FIC  |9 77854  |a BRACUL  |b BRACUL  |c GEN  |d 2025-07-07  |e Donated by Farhana Zahir Assistant Professor BBS, BRAC University.  |g 150.00  |l 7  |m 9  |o 891.44371 AHM  |p 3010044477  |q 2026-06-02  |r 2026-05-09  |s 2026-05-09  |t 2  |w 2025-07-07  |y BK  |x Donated by Farhana Zahir Assistant Professor BBS, BRAC University.